000 00792nam a2200241 i 4500
005 20250617103624.0
008 250518t20222022-ukaaaafr 000 1 eng d
020 _a9781913971625
_cRM10.00 Denda
_qhardback
040 _aPPAK
_beng
_cPPAK
_erda
082 0 4 _223
_a428.6
090 0 0 _a428.6
_bTOW
_dK
100 1 _aTownsend, John,
_eauthor.
245 1 0 _aMR CHUG AND THE RED TRACTOR /
_cJohn Townsend, Isobel Lundie
264 1 _aBrighton :
_bSALARIYA,
_c[2022?]
264 4 _c©[2022?]
300 _a10 unnumbered pages :
_bcolour illustrations ;
_c18 x 18 cm
336 _atext
_2rdacontent
337 _aunmediated
_2rdamedia
338 _avolume
_2rdacarrier
650 1 0 _aReaders
_xFiction
700 1 _aLundie, Isobel,
_eauthor.
942 _2ddc
_cB
999 _c199620
_d199620